| 000 | 00595nam a2200217 u 4500 | ||
|---|---|---|---|
| 005 | 20240831063726.0 | ||
| 008 | 090526s1999 es r 000 0 spa d | ||
| 020 | _a843928084X | ||
| 035 | _aUPN01000170681 | ||
| 049 | _aI | ||
| 050 | 4 |
_aPZ75 _bF3.3 1999 |
|
| 100 | 1 |
_aFarias, Juan, _d1935- _930834 |
|
| 245 | 1 | 4 |
_aLos duendes / _cJuan Farias ; il. de Alicia Cañas Cortázar. |
| 250 | _a2a ed. | ||
| 260 |
_aMadrid : _bGaviota, _c[1999]. |
||
| 300 |
_a94 p. : _bil. col. |
||
| 440 | 0 | _aJunior | |
| 650 | 4 |
_aCuentos infantiles españoles _97725 |
|
| 905 | _aInfantil | ||
| 999 |
_c142786 _d142786 |
||